000 00787nam a2200253Ia 4500
003 OSt
005 20220927111939.0
006 a|||||r|||| 00| 0
007 ta
008 220926b |||||||| |||| 00| 0 eng d
024 _a83810
037 _cReports
040 _aRTL
_cRTL
_beng
041 _2eng
_aeng
082 _a"X9(D2).2.N6, (GD)"
110 _aIndia Planning (Commission) Programme Evaluation Organisation
_9358477
245 0 _aEvaluation of major irrigation projects
_b Some case
300 _a252p.
_ccm.
490 _aProgramme Evaluation Organisation
650 _aEngneering
700 _aIndia Planning (Commission) Programme Evaluation Organisation
_9358479
942 _h"X9(D2).2.N6, (GD)"
_cCC
999 _c699650
_d699650